Die Matrikel der Prima Classis des Kolberger Lyzeums von 1692-1789
| Titel: | Die Matrikel der Prima Classis des Kolberger Lyzeums von 1692-1789 |
|---|---|
| Beteiligt: | ; |
| In: |
Vereinigung Ehemaliger Schüler des Dom- und Real-Gymnasiums zu Kolberg (Ostseebad), Pommern: Mitteilungen der Vereinigung Ehemaliger Schüler des Dom- und Real-Gymnasiums zu Kolberg, Ostseebad, Pommern, Heft 86 (2001), Seite 2227-2242 alle Artikel anzeigen |
| Veröffentlicht: | 2001 |
| Format: | Aufsatz |
| Sprache: | Deutsch |
X
alg: 39153073 001A $01999:11-11-16 001B $01999:15-05-21 $t20:55:36.000 001C $06050:19-11-16 $t15:08:38.000 001D $01999:11-11-16 001U $0utf8 001X $00 002@ $0Aox 003@ $0391530739 007A $0391530739 $aHEB 007T $0Herd35547 010@ $ager 011@ $a2001 021A $aDie @Matrikel der Prima Classis des Kolberger Lyzeums von 1692-1789 028C $aKausche $BHrsg. $dDietrich 028C/01 $aBorkowski $BBearb. $dHans 031A $e86 $h2227-2242 $j2001 037A $aErstdruck: Baltische Studien NF 56 (1970), 41-56 039B $aIn $8--Abvc--Vereinigung Ehemaliger Schüler des Dom- und Real-Gymnasiums zu Kolberg (Ostseebad), Pommern [Tb1]. Mitteilungen der Vereinigung Ehemaliger Schüler des Dom- und Real-Gymnasiums zu Kolberg, Ostseebad, Pommern. - Hamburg : [Verlag nicht ermittelbar], 1970-2020 $x200100000000086773 $9054887488 045F $a307.0943816 $eDDC23BSB 045F/01 $a307.09 045F/03 $g43816 045T $a7,41 $a8,1 lok: 39153073 78 exp: 39153073 78 1 #EPN 201B/01 $027-06-18 $t23:05:08.000 201U/01 $0utf8 203@/01 $0787624896 208@/01 $a11-11-16 $be 209A/01 $a/ $f000 $x00 220C/01 $aTitelaufnehmer: jk 244Z/01 $2Trx $#Pomeranija $#Pommern $#Pomoransko $#Pomořansko $#Hinterpommern;Vorpommern;Mittelpommern $#Pomorze Środkowe;Pomorze Przednie $#Pomořansko;Západní Pomořany; Pomořany $8--Trx--Pomorze Zachodnie $x01 $9391303775 244Z/01 $#Kolberg $75057070-5 $8--Tg1--Kołobrzeg $x02 $9044717024 244Z/01 $aGeschichte 1692-1789 $x03 244Z/01 $2Trx $8--Trx--Borkowski, Hans$Z1888-1945 $x04 $9390859702 244Z/01 $2Trx $#matrikkel $#matrikulos $#matriculation register $#anyakönyv $#metryki $#matriky $#matriky $8--Trx--Matrikel $x05 $9391354442 244Z/01 $2Trx $#õpilased $#mokiniai $#pupils $#tanulók $#uczniowie $#žiaci $#žáci $8--Trx--Schüler $x06 $9391369571 244Z/01 $2Trx $8--Trx--Zeitschriftenaufsatz $x07 $9391384341 245Z/01 $a13.03 $x01 245Z/01 $a11.04 $x02 247C/01 $82080>Marburg/Lahn, Herder-Institut, Forschungsbibliothek, Bibliographieportal $9336309341
| LEADER | 00000caa a22000002c 4500 | ||
|---|---|---|---|
| 001 | 391530739 | ||
| 003 | DE-603 | ||
| 005 | 20210515205536.0 | ||
| 007 | tu | ||
| 008 | 161111s2001 xx |||| | u00||u|ger c | ||
| 035 | |a (DE-599)HEB391530739 | ||
| 040 | |a DE-603 |b ger |c DE-603 |d DE-603 | ||
| 041 | |a ger | ||
| 082 | 0 | 4 | |8 1\u |a 307.0943816 |q DE-101 |2 23/BSB |
| 084 | |a 7,41 |a 8,1 |2 ssgn | ||
| 085 | |8 1\u |b 307.09 | ||
| 085 | |8 1\u |z 2 |s 43816 | ||
| 245 | 0 | 0 | |a Die Matrikel der Prima Classis des Kolberger Lyzeums von 1692-1789 |
| 264 | 0 | |c 2001 | |
| 500 | |a Erstdruck: Baltische Studien NF 56 (1970), 41-56 | ||
| 700 | 1 | |a Kausche, Dietrich |e Hrsg. |4 edt | |
| 700 | 1 | |a Borkowski, Hans |e Bearb. |4 edt | |
| 773 | 0 | 8 | |i In |a Vereinigung Ehemaliger Schüler des Dom- und Real-Gymnasiums zu Kolberg (Ostseebad), Pommern |t Mitteilungen der Vereinigung Ehemaliger Schüler des Dom- und Real-Gymnasiums zu Kolberg, Ostseebad, Pommern |d Hamburg : [Verlag nicht ermittelbar], 1970-2020 |h 30 cm |g Heft 86 (2001), Seite 2227-2242 |w (DE-603)054887488 |w (DE-600)1361441-1 |
| 924 | 0 | |9 2080 |a (DE-603)787624896 |b DE-2080 |c HES |d d |g / | |


